| 000 | 00919nab a22002057a 4500 | ||
|---|---|---|---|
| 999 |
_c5771 _d5771 |
||
| 003 | OSt | ||
| 005 | 20260105214623.0 | ||
| 008 | 190514b xxu||||| |||| 00| 0 spa d | ||
| 040 | _cPJ | ||
| 100 |
_96686 _aDi Tullio Budassi, Rosana G. |
||
| 245 | 1 | 0 |
_aPersonas mayores e inclusión digital : _bdesandando viejismos / _cRosana G. Di Tullio Budassi. |
| 300 | _ap. 59-69 | ||
| 505 | _aSumario: I. Introducción.— II. Las TIC desde la perspectiva del derecho de la vejez.— III. El derecho a la educación y a la inclusión digital.— IV. Palabras finales | ||
| 505 | _tSi te interesa el texto, comunicate a koha@justierradelfuego.gov.ar | ||
| 650 | 0 |
_9967 _aDERECHO DE FAMILIA |
|
| 650 | 0 |
_95306 _aDERECHOS HUMANOS DE LOS ANCIANOS |
|
| 650 | 0 |
_aTECNOLOGIA DE LA INFORMACION _9289 |
|
| 773 | 0 |
_02844 _93222 _dBuenos Aires : AbeledoPerrot, 1989- _tDerecho de familia. N° 113 - Marzo 2024 _z18511201 |
|
| 942 |
_2udc _cANA |
||